Obchod medzi Slovenskom a africkými štátmi bakalárska práca

Na minha lista:
Detalhes bibliográficos
Autor principal: Kazimírová, Lenka
Autor Corporativo: Fakulta medzinárodných vzťahov EU. Katedra medzinárodných ekonomických vzťahov a hospodárskej diplomacie
Outros Autores: Zagoršeková, Natália, 1991-
Formato: Livro
Idioma:eslovaco
Publicado em: Bratislava 2021
Tags: Adicionar Tag
Sem tags, seja o primeiro a adicionar uma tag!

MARC

LEADER 00000nbm a2200000 4500
001 0275423
005 20220222102152.1
041 0 |a slo 
044 |a SK 
245 1 0 |a Obchod medzi Slovenskom a africkými štátmi  |b bakalárska práca  |c Lenka Kazimírová ; školiteľ: Natália Zagoršeková 
264 1 |a Bratislava  |c 2021 
300 |a 61 s. 
100 1 |a Kazimírová, Lenka 
700 1 |a Zagoršeková, Natália, 1991- 
710 2 |a Fakulta medzinárodných vzťahov EU. Katedra medzinárodných ekonomických vzťahov a hospodárskej diplomacie